| 000 | 00935nam a2200181 a 4500 | ||
|---|---|---|---|
| 005 | 20250211063744.0 | ||
| 008 | 991125s1911 mx 000 0 spa u | ||
| 035 | _aUPN01000031240 | ||
| 049 | _aSEP | ||
| 050 | 4 |
_aL227 _bA2 1910 |
|
| 110 | 1 |
_aMéxico. _bSecretaría de Instrucción Pública y Bellas Artes |
|
| 245 | 1 | 0 |
_aInformes presentados al Congreso Nacional de Educación Primaria por las delegaciones de los estados, del Distrito Federal y... / _cpor Secretaría de Instrucción Pública y Bellas Artes. |
| 260 |
_aMéxico : _bA. Carranza, _c1911. |
||
| 300 | _a3 v. | ||
| 505 | 8 |
_aContenido: _gv.1. _tnformes correspondientes a los estados de Aguascalientes, Campeche, Coahuila, Chihuahua y Durango, al Distrito Federal y al Territorio de la Baja California -- _gv.2. _tInformes correspondientes a los estados de Guanajuato... --- _gv.3. |
|
| 610 | 1 | 4 |
_aMéxico. _bSecretaría de Educación Pública _vInformes _95954 |
| 905 | _aLibro | ||
| 999 |
_c31240 _d31240 |
||